Video techniques in animal ecology and behaviour
Αποθηκεύτηκε σε:
| Άλλοι συγγραφείς: | |
|---|---|
| Μορφή: | Βιβλίο |
| Γλώσσα: | English |
| Δημοσίευση: |
London :
Chapman & Hall,
c1994
|
| Θέματα: | |
| Ετικέτες: |
Προσθήκη ετικέτας
Δεν υπάρχουν, Καταχωρήστε ετικέτα πρώτοι!
|
MARC
| LEADER | 00000nam a2200000 i 4500 | ||
|---|---|---|---|
| 001 | 1/18646 | ||
| 008 | 981021s1994 eng d | ||
| 020 | |a 0-412-46640-6 | ||
| 035 | |l 10020986 | ||
| 040 | |a GR-MY-UA |b |e aacr | ||
| 041 | 0 | |a eng | |
| 082 | 0 | |a 591.5072 | |
| 245 | 1 | 0 | |a Video techniques in animal ecology and behaviour / |c Edited by Stephen D. Wratten |
| 260 | |a London : |b Chapman & Hall, |c c1994 | ||
| 300 | |a 211 p. | ||
| 504 | |a Includes bibliographical references and index | ||
| 650 | 0 | 0 | |a Nature photography. |
| 650 | 0 | 0 | |a Video recordings. |
| 650 | 0 | 0 | |a Animal ecology |x Research. |
| 650 | 0 | 0 | |a Animal behavior |x Reasearch. |
| 700 | 1 | |a Wratten, Stephen D. |4 edt | |
| 852 | |a INST |b LESVOS |e 19981021 |h 591.5072 VID |p 005100018622 |q 005100018622 |t BK |y 0 | ||
| 901 | |a BIBL-1998-3 | ||
| 909 | |a Λ |b 059710 | ||
| 922 | |a 1ΕΛΗ |b 199809 |c ΚΠΣ/ΤΠ |d ΠΑΠΑΣΩΤΗΡΙΟΥ | ||
| 950 | |a 107-1998-07-08 | ||